| 000 | 00605nam a2200229Ia 4500 | ||
|---|---|---|---|
| 999 |
_c2517 _d2517 |
||
| 001 | 32245486 | ||
| 003 | OCoLC | ||
| 005 | 20181015215001.0 | ||
| 008 | 950403s1969 inu 000 0 eng d | ||
| 040 |
_aPBE _cPBE |
||
| 082 |
_a248.5 _bH945G |
||
| 090 |
_aBV4520 _b.H8 |
||
| 092 |
_a248.5 _bH91g 1969 |
||
| 092 |
_a248.5 _bH91g |
||
| 100 | 1 |
_aHunter, Frances Gardner, _d1916- |
|
| 245 | 1 | 0 |
_aGo, man, go! / _cFrances Gardner Hunter. |
| 260 |
_aAnderson, Ind. : _bWarner Press, _c1969. |
||
| 300 |
_av, 96 p. ; _c19 cm. |
||
| 500 | _aD3845. | ||
| 650 | 0 | _aWitness bearing (Christianity) | |
| 942 |
_2ddc _cBK |
||